Practical physics for class 12, Vol. 2 (Record no. 1378420)

MARC details
000 -LEADER
fixed length control field 00553nam a2200193Ia 4500
005 - DATE AND TIME OF LATEST TRANSACTION
control field 20250508162735.0
008 - FIXED-LENGTH DATA ELEMENTS--GENERAL INFORMATION
fixed length control field 008 250505s9999 xx 000 0 eng d
037 ## - SOURCE OF ACQUISITION
Stock number Textual
040 ## - CATALOGING SOURCE
Original cataloging agency FEDL
Language of cataloging eng
Transcribing agency FEDL
041 ## - LANGUAGE CODE
Language code of text/sound track or separate title eng
Source of code eng
084 ## - COLON CLASSIFICATION NUMBER
Classification number 530, MOH
Assigning agency FEDL
100 ## - MAIN ENTRY--PERSONAL NAME
Personal name Mohindroo K K
9 (RLIN) 773952
245 #0 - TITLE STATEMENT
Title Practical physics for class 12, Vol. 2
260 ## - PUBLICATION, DISTRIBUTION, ETC.
Place of publication, distribution, etc. New Delhi, India
Name of publisher, distributor, etc. Pitambar Publishing Company Pvt. Ltd.
Date of publication, distribution, etc. 2016
300 ## - PHYSICAL DESCRIPTION
Extent xii, 255p.
365 ## - TRADE PRICE
Price type code INR
Price amount 275
942 ## - ADDED ENTRY ELEMENTS (KOHA)
Koha item type Textual
Classification part 530, MOH
Holdings
Withdrawn status Lost status Damaged status Not for loan Home library Current library Date acquired Cost, normal purchase price Total Checkouts Full call number Barcode Date last seen Price effective from Koha item type
        Department of Education Library Department of Education Library 2025-05-08 275.00   530, MOH EL0071116 2025-05-08 2025-05-08 Textual
Copyright @ Delhi University Library System